Estações da Linha-12 Safira da CPTM - Statistics

Estatísticas Gerais
  • Esse quiz foi jogado 17 vezes
  • A pontuação média é 12 de 13
Respostas no mapa
Respostas codificadas por cores de uma escala verde-vermelha no mapa do quiz de acordo com a % correta abaixo.
 
Estatísticas das Respostas
% Correto
USP Leste
100%
Brás
89%
Calmon Viana
89%
Comendador Ermelino
89%
Eng Goulart
89%
Eng Manoel Feio
89%
Itaim Paulista
89%
Itaquaquecetuba
89%
Jardim Helena - Vila Mara
89%
Jardim Romano
89%
São Miguel Paulista
89%
Tatuapé
89%
Aracaré
78%
Nenhum quiz correspondente encontrado
Distribuição das Pontuações
Porcentagem de Pessoas com Cada Pontuação
Percentil de Números Respondidos
Sua Pontuação Histórica
Você não jogou esse quiz